书目信息 |
| 题名: |
邓小平决策理论与实践研究
|
|
| 作者: | 蒋建民 , 彭漪涟 著 | |
| 分册: | ||
| 出版信息: | 上海 上海人民出版社 2001 |
|
| 页数: | 282页 | |
| 开本: | 21cm | |
| 丛书名: | ||
| 单 册: | ||
| 中图分类: | A849.164 , A849 | |
| 科图分类: | ||
| 主题词: | 决策学 , 毛泽东著作--学习 , 毛泽东著作研究 | |
| 电子资源: | ||
| ISBN: | 7-208-03669-1 | |
| 000 | 01126nam0 2200313 450 | |
| 001 | 1240178328 | |
| 005 | 20120929111129.57 | |
| 010 | @a7-208-03669-1@dCNY20.00 | |
| 100 | @a20020107d2001 kemy0chiy0110 ea | |
| 101 | 0 | @achi |
| 102 | @aCN@b310000 | |
| 105 | @ay z 000yy | |
| 106 | @ar | |
| 200 | 1 | @a邓小平决策理论与实践研究@Adeng xiao ping jue ce li lun yu shi jian yan jiu@f彭漪涟,蒋建民著 |
| 210 | @a上海@c上海人民出版社@d2001 | |
| 215 | @a282页@d21cm | |
| 300 | @a上海市马克思主义学术著作出版基金资助出版 | |
| 330 | @a本书通过对我国改革开放20多年来一系列重大决策的客观分析,对邓小平决策思想从各个方面进行理论概括与总结,并把小平同志的重大决策实践进行深入研究,可以说改革开放以来我国的成就主要归功于小平同志的决策实践。 | |
| 600 | 0 | @a邓小平@f(1904-1997)@x决策科学@x研究 |
| 600 | 0 | @a邓小平@f(1904-1997) |
| 606 | 0 | @a决策学 |
| 606 | 0 | @a毛泽东著作@x学习 |
| 606 | 0 | @a毛泽东著作研究 |
| 690 | @aA849.164@v4 | |
| 690 | @aA849@v4 | |
| 701 | 0 | @a蒋建民@Ajiang jian min@4著 |
| 701 | 0 | @a彭漪涟@f(1935~)@Apeng yi lian@4著 |
| 801 | 0 | @aCN@bNLC@c20020118 |
| 905 | @a10447@dA849@eJY2 | |
| 邓小平决策理论与实践研究/彭漪涟,蒋建民著 .-上海:上海人民出版社,2001 |
| 282页;21cm |
| 上海市马克思主义学术著作出版基金资助出版 |
| ISBN 7-208-03669-1:CNY20.00 |
| 本书通过对我国改革开放20多年来一系列重大决策的客观分析,对邓小平决策思想从各个方面进行理论概括与总结,并把小平同志的重大决策实践进行深入研究,可以说改革开放以来我国的成就主要归功于小平同志的决策实践。 |
| ● |
| 相关链接 |
|
|
|
|
正题名:邓小平决策理论与实践研究
索取号:A849/JY2
 
预约/预借
| 序号 | 登录号 | 条形码 | 馆藏地/架位号 | 状态 | 备注 |
| 1 | 7809543 | 278095437 | 学院路分馆/ [索取号:A849/JY2] | 在馆 | |
| 2 | 7809544 | 278095446 | 学院路分馆/ [索取号:A849/JY2] | 在馆 |